| 000 | 00579nam a2200205Ia 4500 | ||
|---|---|---|---|
| 003 | IEPS | ||
| 005 | 20250703135312.0 | ||
| 008 | 250223s9999||||xx |||||||||||||| ||und|| | ||
| 020 | _a9789957004071 | ||
| 040 | _CIEPS | ||
| 041 | _aara | ||
| 082 | _a158.1 | ||
| 100 | _aشكشك انس عبدو | ||
| 245 | 0 | _aمهارات تطوير الشخصية الذاتية | |
| 260 |
_aعمان _bدار الشروق للنشر و التوزيع _c2009 |
||
| 300 |
_a239 ص. _c30 سم. |
||
| 653 | _aالشخصية | ||
| 653 | _aسيكولوجية الشخصية | ||
| 942 | _cكتاب | ||
| 999 |
_c13096 _d13096 |
||